| 000 | 00362 a2200097 4500 | ||
|---|---|---|---|
| 245 | 0 | 0 |
_aLampy elektronowe - Kineskopy kolorowe Metoda określania przesunięcia rastra PN-90/T-04830.08 / _cMin. Przem. Maszynowego. |
| 246 | 1 | 3 | _aPN-90/T-04830.08 |
| 246 | 1 | 3 | _a621.385.001.4:537.13 |
| 260 |
_aWarszawa : _bMin. Przem. Maszynowego, _c1990. |
||
| 300 |
_a2 stron ; _c30 cm. |
||
| 650 | _aPolska norma | ||
| 999 |
_c20897 _d20897 |
||